Mastering public administration : from Max Weber to Dwight Waldo / (Record no. 8959)
[ view plain ]
| 000 -LEADER | |
|---|---|
| fixed length control field | 01569nam a22001937a 4500 |
| 005 - DATE AND TIME OF LATEST TRANSACTION | |
| control field | 20220721103907.0 |
| 007 - PHYSICAL DESCRIPTION FIXED FIELD--GENERAL INFORMATION | |
| fixed length control field | |
| 008 - FIXED-LENGTH DATA ELEMENTS--GENERAL INFORMATION | |
| fixed length control field | 220404b ||||| |||| 00| 0 eng d |
| 020 ## - INTERNATIONAL STANDARD BOOK NUMBER | |
| International Standard Book Number | 9781452240046 |
| 050 ## - LIBRARY OF CONGRESS CALL NUMBER | |
| Classification number | JF1341.F78(3e) |
| 245 ## - TITLE STATEMENT | |
| Title | Mastering public administration : from Max Weber to Dwight Waldo / |
| Statement of responsibility, etc. | Brian R. Fry and Jos C. N. Raadschelders. |
| 250 ## - EDITION STATEMENT | |
| Edition statement | 3rd ed. |
| 260 ## - PUBLICATION, DISTRIBUTION, ETC. | |
| Place of publication, distribution, etc. | London : |
| Name of publisher, distributor, etc. | Sage Publishers, |
| Date of publication, distribution, etc. | 2014. |
| 300 ## - PHYSICAL DESCRIPTION | |
| Extent | xi, 488 p. : |
| Other physical details | ill. ; |
| Dimensions | 23 cm. |
| 500 ## - GENERAL NOTE | |
| General note | Includes index. |
| 505 ## - FORMATTED CONTENTS NOTE | |
| Formatted contents note | Contents:Max Weber: The process of rationalization -- The legacy of max weber in contemporary scholarship -- Frederick W.Taylor in contemporary scholarship -- Lutheter H. Gulick: The integrated executive -- The legacy of luther H. Gulick in contemporary scholarship -- Elton Mayo: The human relations approach -- The legacy of Elton Mayo in contemporary scholarship -- Elton mayo: The human relations approach -- The legacy of Elton mayo in contemporary scholarship -- Chester Barnard: Oganisations as systems of exchange -- Herbert A.Simon: A decision making perspective -- The legacy of herbert A.Simon in contemporary scholarship -- The Legacy of herbert A. Simon in contemporary scholarship -- Charles E.Lindblom: Probing the policy process -- The legacy of charles E. Lindblom in contemporary scholarship -- Dwight waldo: An Electric view of public administration -- The legacy of Dwight waldo in contemporary scholarship -- The Study of public administration: Origins,development ,nature. <br/> |
| 700 ## - ADDED ENTRY--PERSONAL NAME | |
| Personal name | Raadschelders, Jos C. N. |
| 942 ## - ADDED ENTRY ELEMENTS (KOHA) | |
| Source of classification or shelving scheme | Library of Congress Classification |
| Koha item type | Books |
| Withdrawn status | Lost status | Source of classification or shelving scheme | Damaged status | Not for loan | Home library | Current library | Shelving location | Date acquired | Full call number | Barcode | Date last seen | Copy number | Price effective from | Koha item type |
|---|---|---|---|---|---|---|---|---|---|---|---|---|---|---|
| Library of Congress Classification | WISCONSIN INTERNATIONAL UNIVERSITY COLLEGE, GHANA - MAIN LIBRARY | WISCONSIN INTERNATIONAL UNIVERSITY COLLEGE, GHANA - MAIN LIBRARY | Reference | 04/04/2022 | JF1314.F78(3e) | 9184/633/22 | 04/04/2022 | 1 | 04/04/2022 | Books |
